000 01091nam a22003137a 4500
001 5210
003 FISKH
005 20250827125951.0
008 241119b cb ||||| |||| 00| 0 eng d
020 _a0590203495
040 _aFISKH
_beng
_cFISKH
_dFISKH
050 _aQH278
082 _a507
100 _aOxlade , Chris
245 _aThe World of the Microscope :
_bA practical introduction with projects & activities /
_cby Chris Oxlad and Corinne Stockley
250 _aFirst Scholastic printing, January 1995
260 _aNew York :
_bScholastic ;
_c1989 .
300 _a48 pages :
_bcolor illustrations ;
_c25 cm .
490 _aUsborne Science & Experiments
505 _aZ
520 _aShows how to get the best from various types of microscopes, and suggests projects which reveal the detail of everyday objects.
521 8 _a1050
_bLexile estimate
521 8 _aZ
_bRaz-Plus
650 _amicroscope
_vnon-fiction
650 _ascience experiments
_vnon-fiction
700 _aChen, Kuo Kang
_eillustrator
942 _2ddc
_cBK
_n0
999 _c5210
_d5210